Search the Library Catalogue
| 000 -LEADER | |
|---|---|
| fixed length control field | 00402nam a22001337a 4500 |
| 008 - FIXED-LENGTH DATA ELEMENTS--GENERAL INFORMATION | |
| fixed length control field | 240902b |||||||| |||| 00| 0 eng d |
| 020 ## - INTERNATIONAL STANDARD BOOK NUMBER | |
| ISBN | 9788172248574 |
| Paper back/Hardbound | pbk |
| 082 ## - DEWEY DECIMAL CLASSIFICATION NUMBER | |
| Classification number | 650.1 |
| Item number | RYE |
| 100 ## - MAIN ENTRY--AUTHOR NAME | |
| Personal name | Rye, David E. |
| 245 ## - TITLE STATEMENT | |
| Title | 1001 Ways to Inspire |
| Sub Title | your organization, your team and yourself |
| Statement of responsibility, etc | David E. Rye |
| 260 ## - PUBLICATION, DISTRIBUTION, ETC. (IMPRINT) | |
| Place of publication | Mumbai |
| Name of publisher | Jaico Publishing House |
| Year of publication | 2010 |
| 300 ## - PHYSICAL DESCRIPTION | |
| Number of Pages | 271 |
| Dimensions | 23 cm. |
| 942 ## - ADDED ENTRY ELEMENTS (KOHA) | |
| Koha item type | English Books |
| Withdrawn status | Lost status | Damaged status | Not for loan | Home library | Current library | Shelving location | Date acquired | Full call number | Accession Number | Price effective from | Koha item type |
|---|---|---|---|---|---|---|---|---|---|---|---|
| Anna Centenary Library | Anna Centenary Library | 6TH FLOOR, A WING | 02.09.2024 | 650.1 RYE | 379614 | 02.09.2024 | English Books |